000 05094cam a22007694i 4500
003 PE-LiUPU
005 20250731173526.0
008 150616s1964 ag r 000 0 spa d
035 _a(Sirsi) a8564
040 _aPE-LiUPU
_bspa
_cPE-LiUPU
_erda
041 1 _aspa
_heng
049 _aPRUA
050 _a BX61590
_b.C663
082 0 4 _a286.7325
_bCN
_221
100 1 _aWhite, Elena G. de,
_eautor.
245 1 0 _aConducción del niño /
_cElena G. de White.
264 1 _aBuenos Aires :
_bAsociación Casa Editora Sudamericana,
_c1964.
300 _a566 páginas ;
_c12 centímetros
336 _atext
_2rdacontent
337 _aunmediated
_2rdamedia
338 _avolume
_2rdacarrier
500 _aLos ejemplares 6 al 8 son edición 2000
505 0 _aEl hogar, la primera escuela -- Los métodos y los textos -- Maestros debidamente preparados -- La obediencia es la lección más importante -- Desarrollo de las cualidades cristianas -- La tarea suprema: el desarrollo del carácter -- Desarrollo de las facultades mentales -- Importancia fundamental del desarrollo físico -- Preservación de la integridad moral -- El mantenimiento de la experiencia religiosa.
526 _aSEG42
526 _aSEG41
526 _aSEG40
526 _aSEG39
526 _aP94
526 _aP87
526 _aP86
526 _aP85
526 _aP77
526 _aP76
526 _aP35
534 _pTítulo original :
_tChild Guidance.
650 0 4 _aEducación cristiana de niños.
856 4 2 _uhttps://media2.egwwritings.org/swf/es_CN(CG)/index.html
910 _ajck
_bjvq
_cjck
942 _2ddc
_cBOOK
949 _a286.7325 CN
_wDEWEY
_c1
_i20369
_lCCODEBUL1
_mBUL
_pdollar8.70
_r0
_sY
_tBOOK
_u19840506
_xBIBLIOTECA
_zUNKNOWN
_0COMPRA
_o.STAFF. Colección Teología
949 _a286.7325 CN
_wDEWEY
_c2
_i22372
_lCCODEBUL1
_mBUL
_pdollar8.70
_r0
_sY
_tBOOK
_u19840506
_xBIBLIOTECA
_zUNKNOWN
_0COMPRA
_o.STAFF. Colección Teología
949 _a286.7325 CN
_wDEWEY
_c3
_i54245
_lCCODEBUL1
_mBUL
_pdollar8.70
_r0
_sY
_tBOOK
_u19840506
_xBIBLIOTECA
_zUNKNOWN
_0COMPRA
_o.STAFF. Colección Teología
949 _a286.7325 CN
_wDEWEY
_c4
_i54246
_lCCODEBUL1
_mBUL
_pdollar8.70
_r0
_sY
_tBOOK
_u19840506
_xBIBLIOTECA
_zUNKNOWN
_0COMPRA
_o.STAFF. Colección Teología
949 _a286.7325 CN
_wDEWEY
_c5
_i05894
_lCCODEBUL1
_mBUL
_pdollar8.70
_r0
_sY
_tBOOK
_u19840506
_xBIBLIOTECA
_zUNKNOWN
_0COMPRA
_o.STAFF. Colección Teología
949 _a286.7325 CN
_wDEWEY
_c6
_i14590
_lCCODEBUL1
_mBUL
_pdollar8.70
_r0
_sY
_tBOOK
_u19840506
_xBIBLIOTECA
_zUNKNOWN
_0COMPRA
_o.STAFF. Colección Teología
949 _a286.7325 CN
_wDEWEY
_c1
_i74406
_lCATALOGING
_mBUL
_p19.00
_r0
_sY
_tBOOK
_u12016-08-11
_xtEOLOGIA
_0COMPRA
_o.CIRCNOTE. El documento es de alto precio.
_o.STAFF. Colección Teología
994 _aC0
_bPEPRU
596 _a1 2 4
999 _a286.7325 CN
_wDEWEY
_c59929
_i20369
_d59929
_e2019-6-10
_f2019-12-11
_g5
_lDISCARD
_mBUL
_n14
_p8.70
_q2
_r0
_sY
_tBOOK
_u2015-6-16
_xTEOLOGIA
_PP35
_0COMPRA
_o.STAFF. Colección Teología
999 _a286.7325 CN
_wDEWEY
_c3
_i54245
_d2019-5-30
_e2017-10-27
_f2019-12-11
_g5
_lDISCARD
_mBUL
_n5
_p8.70
_q1
_r0
_sY
_tBOOK
_u2015-6-16
_xTEOLOGIA
_PP35
_0COMPRA
_o.STAFF. Colección Teología
999 _a286.7325 CN
_wDEWEY
_c5
_i05894
_d2015-9-1
_e2015-9-1
_f2019-12-11
_g5
_lDISCARD
_mBUL
_n1
_p8.70
_r0
_sY
_tBOOK
_u2015-6-16
_xTEOLOGIA
_zUNKNOWN
_0COMPRA
_o.CIRCNOTE. IMPORTANTE!!!!!!! ESTE DOCUMENTO NO SE PRESTA. PRESTAR LOS OTROS 5 EJEMPLARES.
_o.STAFF. Colección General
999 _a286.7325 CN
_wDEWEY
_c6
_i14590
_d2017-11-30
_e2017-11-16
_f2019-12-11
_g5
_lDISCARD
_mBUL
_n32
_p8.70
_r0
_sY
_tBOOK
_u2015-6-16
_xTEOLOGIA
_PP35
_0COMPRA
_o.STAFF. Colección Teología
999 _a286.7325 CN
_wDEWEY
_c7
_i74406
_d2019-8-27
_e2019-8-24
_f2021-11-11
_g6
_lCCODEBUL1
_mBUL
_n28
_p19.00
_q6
_r0
_sY
_tBOOK
_u2016-8-11
_xTEOLOGIA
_PP35
_0COMPRA
_o.STAFF. Colección Teología
999 _aW286.7325 CN 1964
_wDEWEY
_c1
_iFT02245
_d2018-11-14
_e2018-10-15
_f2019-2-20
_g3
_lCATALOGING
_mBUT
_n8
_p2.00
_r0
_sY
_tBOOK
_u2016-10-26
_xBIBLIOTECA
_zUNKNOWN
_0DONACION
_o.STAFF. Colección General
999 _a286.7325 CN 1986
_wDEWEY
_c1
_iCW54246
_f2021-12-21
_g2
_lCCODECWL1
_mBWL
_p8.70
_r1
_sY
_tBOOK
_u2015-6-16
_xWHITE
_zUNKNOWN
_0COMPRA
_o.STAFF. Centro White
999 _a286.7325 CN 1986
_wDEWEY
_c2
_iCW22372
_f2021-12-21
_g2
_lCCODECWL1
_mBWL
_p8.70
_r1
_sY
_tBOOK
_u2015-6-16
_xWHITE
_zUNKNOWN
_0COMPRA
_o.STAFF. Centro White
999 _a286.7325 CN 2014
_wDEWEY
_c1
_iCW00112
_f2021-12-21
_g2
_lCCODECWL1
_mBWL
_r1
_sY
_tBOOK
_u2017-9-28
_xWHITE
_zUNKNOWN
_0COMPRA
_o.STAFF. Centro White
999 _a286.7325 CN 2014
_wDEWEY
_c2
_iCW00113
_f2021-12-21
_g2
_lCCODECWL1
_mBWL
_r1
_sY
_tBOOK
_u2017-9-28
_xWHITE
_zUNKNOWN
_0COMPRA
_o.STAFF. Centro White
980 _81
_gALBERTO SANCHEZ Responsable de Automatización